| 000 | 00793nam a2200121Ia 4500 | ||
|---|---|---|---|
| 008 | 220615s9999||||xx |||||||||||||| ||und|| | ||
| 100 | _aSauer, Arn T. | ||
| 245 | 0 |
_aEquality Governance via Policy Analysis? _bThe Implementation of Gender Impact Assessment in the European Union and Gender-based Analysis in Canada |
|
| 546 | _aEnglish[eng] | ||
| 650 | _aPolitical Science||Gender Equality||Governance||Policy Analysis||Intersectionality||Gender Mainstreaming||Accountability||Gender||Politics||Law||Gender Studies||Policy||Administration||Political Science | ||
| 856 | _uhttps://library.oapen.org/bitstream/20.500.12657/26024/1/1004061.pdf||https://library.oapen.org/bitstream/20.500.12657/26024/1/1004061.pdf||https://library.oapen.org/bitstream/20.500.12657/26024/1/1004061.pdf | ||
| 942 | _cEB | ||
| 999 |
_c15975 _d15975 |
||